000 00517 a2200205 4500
005 20240529145854.0
010 _aB-759251
020 _a9789354711145
_c450.00
035 _aB-759251
037 _bGift
082 _aN
100 _aJackson, Steve
_967058
245 _aAppointment with F.E.A.R /
_cSteve Jackson
260 _aLondon
_bScholastic
_c2022
270 _aLondon
_bLondon
300 _a272 p.
_c20 cm(Pb)
700 _967043
942 _adpl
_cCH
_2ddc
_hN
_mJAC
999 _c203372
_d203372